00626cam a2200193Ia 4500008004100000020002500041100002400066245006600090250001200156260007300168300003300241500002000274504004100294650003900335650003100374003000100405005001700406040000900423  a9780340809211 (pbk.)1 aLevick, J. Rodney. 13aAn introduction to cardiovascular physiology /cJ. R. Levick. a4th ed. aLondon :bCo-published in the USA by Oxford University Press,c2000. aix, 326 p. :bill. ;c25 cm. aIncludes index. aIncludes bibliographical references. 0aCardiovascular systemxPhysiology. 2aCardiovascular Physiology.20230120204039.0 cNUST